| 000 | 00434nam a2200145 i 4500 | ||
|---|---|---|---|
| 001 | 146970 | ||
| 003 | ES-MaACL | ||
| 005 | 20230906201743.0 | ||
| 007 | t| | ||
| 008 | 070920s1973 sp ||||1| spa d | ||
| 245 | 0 | 0 |
_aTu hijo aprende a vivir _b: la enseñanza preescolar programada : guía de los padres. |
| 260 |
_a[Bilbao] : _bDescleé de Brouwer, _c[1973] |
||
| 300 |
_a151 p. ; _c18 cm. |
||
| 852 |
_aES-MaACL _jC-54996 _bR.87616 |
||
| 999 |
_c146970 _d146970 |
||